La insuficiencia suprarrenal y sus formas clínicas, (Record no. 38065)
[ view plain ]
| 000 -LEADER | |
|---|---|
| fixed length control field | 00865cam a22002291 4500 |
| 001 - CONTROL NUMBER | |
| control field | med47000407 |
| 003 - CONTROL NUMBER IDENTIFIER | |
| control field | DLC |
| 005 - DATE AND TIME OF LATEST TRANSACTION | |
| control field | 20260227111559.0 |
| 008 - FIXED-LENGTH DATA ELEMENTS--GENERAL INFORMATION | |
| fixed length control field | 810920s1943 xx af b 000 0 spa |
| 010 ## - LIBRARY OF CONGRESS CONTROL NUMBER | |
| LC control number | med47000407 |
| 035 ## - SYSTEM CONTROL NUMBER | |
| System control number | (OCoLC)14731664 |
| 040 ## - CATALOGING SOURCE | |
| Original cataloging agency | DLC |
| Transcribing agency | DNLM |
| Modifying agency | DLC |
| 042 ## - AUTHENTICATION CODE | |
| Authentication code | premarc |
| 050 00 - LIBRARY OF CONGRESS CALL NUMBER | |
| Classification number | RC659 |
| Item number | .T48 |
| 060 0# - NATIONAL LIBRARY OF MEDICINE CALL NUMBER | |
| Classification number | WK 700 |
| Item number | T363n 1943 |
| 100 1# - MAIN ENTRY--PERSONAL NAME | |
| Personal name | Thaddea, Sigismund. |
| 245 13 - TITLE STATEMENT | |
| Title | La insuficiencia suprarrenal y sus formas clínicas, |
| Statement of responsibility, etc. | por el dr. Sigismund Thaddea ... con un prefacio del prof. dr. G. von Bergmann ... traducción del alemán por el dr. José M. Sacristán. Con 73 figuras, parte en color, y 8 tablas. |
| 260 ## - PUBLICATION, DISTRIBUTION, ETC. | |
| Place of publication, distribution, etc. | Madrid, |
| Name of publisher, distributor, etc. | Espasa-Calpe, s. a., |
| Date of publication, distribution, etc. | 1943. |
| 300 ## - PHYSICAL DESCRIPTION | |
| Extent | 208 p. |
| Other physical details | ill., plates. |
| 500 ## - GENERAL NOTE | |
| General note | Translation of Die Nebenniereninsuffizienz und ihr Formenkreis. |
| 504 ## - BIBLIOGRAPHY, ETC. NOTE | |
| Bibliography, etc. note | "Bibliografía". p. [181]-203. |
No items available.